000 00617nam a2200241Ia 4500
003 OSt
005 20220924114923.0
006 a|||||r|||| 00| 0
007 ta
008 220923b |||||||| |||| 00| 0 per d
024 _a326478
037 _cTextual
040 _aARTS
_cARTS
_bper
041 _2per
_aper
082 _aO164,1v, E7
100 _aAbdul Baqi Au.
_9176091
245 0 _aAnasir Rahimi
260 _aCalcutta
_bA.S India
_c1917
300 _a1692p.
_ccm.
650 _aPERSIAN POETRY
942 _hO164,1v, E7
_cTEXL
_2CC
999 _c395993
_d395993